000 01459nam a22001577a 4500
041 _aukr
080 _a09
090 _bБАШ
100 _aБашинський М.А.
245 _aПсихолінгвістичний аналіз неологізмів
260 _aОстрог
_bКАФ
_c2009
300 _a70
520 _aВСТУП РОЗДІЛ 1 ТЕОРЕТИЧНІ ОСНОВИ ВИВЧЕННЯ НЕОЛОГІЗМІВ 1.1 Стан дослідження англійських неологізмів кінця 20 ст. різними лінгвістами. 1.2 Неологічна картина світу англомовного суспільства кінця 20 століття. 1.3 Неологізми як одне з явищ маніпулятивного впливу на свідомість людини. 1.4 Проблема терміну "неологізм". 1.5 Актуальні проблеми розвитку неології. РОЗДІЛ 2 АНАЛІЗ НЕОЛОГІЗМІВ РІЗНИХ КОГНІТИВНИХ КАТЕГОРІЙ 2.1 Класифікація неологізмів та їх відповідних концептів. 2.2 Способи творення неологізмів. 2.3 Переклад неологізмів військової сфери. 2.4 Демографічні неологізми. ВИСНОВКИ
_0неологізми
650 _aResearch Papers
999 _c284209
_d284209
942 _cBK